| 000 | 00567nam a2200193 a 4500 | ||
|---|---|---|---|
| 005 | 20240412063651.0 | ||
| 008 | 050818s2003 000 eng d | ||
| 020 | _a9682467896 | ||
| 035 | _aUPN01000140253 | ||
| 049 | _aCG | ||
| 050 | 4 |
_aHF5681 A2 _bT6.2 |
|
| 100 | 1 | _aTorres Tovar, Juan Carlos | |
| 245 | 1 | 0 |
_aCatálogo de cuentas : _bcómo hacerlo / _cJuan Carlos Torres Tovar. |
| 260 |
_aMéxico : _bTrillas, _cc2003. |
||
| 300 |
_a240 p. : _bcuadros |
||
| 650 | 4 | _aTENEDURIA DE LIBROS | |
| 650 | 4 |
_aContabilidad _xEstudio y enseñanza _912260 |
|
| 905 | _aLibro | ||
| 999 |
_c112401 _d112401 |
||